Statistiques concernant Stargate : les Goa'uld

Cliquez ici pour prendre le quiz!

Statistiques générales

  • Ce quiz a été pris 24 fois
  • Le résultat moyen est 12 sur 31

Statistiques - réponses

ApparitionNb d'épisodesGoa'uld% Correct
Saison 5 à 813Anubis
90%
Saison 1 à 515Apophis
90%
Saison 5 à 1012Ba'al
85%
Saison 82
85%
Saison 4 à 75Osiris
80%
Saison 3 à 42Cronos
65%
Saison 31Seth
55%
Saison 3 à 88Yu (-huang Shang Ti)
55%
Saison 1 à 33Hathor
50%
Saison 5 à 83Bastet
45%
Saison 2 à 43Heru'ur
45%
Saison 2 à 33Sokar
45%
Saison 1 à 33Amaunet
40%
Saison 3 à 64Nirrti
35%
Saison 71Sekhmet
35%
Saison 4 à 54Tanith
35%
Saison 1 à 34Klorel
30%
Saison 82Amaterasu
25%
Saison 9 à 102Athéna
25%
Saison 81Moloc
25%
Saison 92Nerus
25%
Saison 3 à 54Zipacna
25%
Saison 83Camulus
20%
Saison 61Mot
20%
Saison 5 à 83Olokun
20%
Saison 53Svarog
20%
Saison 52Kâli
15%
Saison 52Morrigan
15%
Saison 71Ramius
10%
Saison 81Arès
5%
Saison 71Tilgath
0%

Distribution des résultats

Percentile par nombre de réponses

% des personnes avec chaque résultat

Votre développement - résultats

Vous n’avez pas pris ce quiz